| 000 | 00827nam a2200241 a 4500 | ||
|---|---|---|---|
| 001 | BRL_886 | ||
| 005 | 20190320210936.0 | ||
| 008 | 231013s1970----mx-a######---#000-0#spa-# | ||
| 041 | _aspa | ||
| 044 | _amx | ||
| 050 | 4 |
_aF1391.M6 _b.R49 1970 |
|
| 100 | 1 |
_aReyes Hernández, Alfonso _925239 |
|
| 245 | 1 | 0 |
_aMilpa Alta _bmonografía _cAlfonso Reyes H. |
| 260 |
_aMéxico _bDepartamento del Distrito Federal, Comisión Coordinadora para el Desarrollo Agropecuario del Distrito Federal _c[1970?] |
||
| 300 |
_a100 p. _bil. _c23 cm. |
||
| 500 | _aAu1060 | ||
| 500 | _aEstado físico: Desprendimiento de hojas. | ||
| 504 | _aBibliografía: p. 99-100 | ||
| 651 | 4 |
_aMilpa Alta (Ciudad de México) _xHistoria _918404 |
|
| 651 | 4 |
_aMilpa Alta (Ciudad de México) _xVida social y costumbres _918405 |
|
| 902 | _aGRL | ||
| 942 |
_2lcc _cB |
||
| 999 |
_c9698 _d9698 |
||